000 01026nam a2200265 a 4500
001 1533349
003 CO-ViMGA
005 20230915233612.0
008 170410s2016 ck a jr 00010 spa d
020 _a9789583051692
040 _aCO-ViMGA
_bspa
_cCO-ViMGA
082 0 4 _aI932
_bB17i
_221
100 1 _aBarsotti, Renzo.
_975
245 1 3 _aEl increíble viaje de los faraones a la otra vida /
_cautor ilustrador Renzo Barsotti ; traducción Edson David Rodriguez Uribe.
250 _aEdición Luisa Noguera A.
260 _aBogot :̀
_bPanamericanan Editorial,
_c2016.
300 _a[40] páginas :
_bilustraciones ;
_c28 cm.
650 1 4 _aFaraones
_x Historia
_v Literatura juvenil.
_9755
650 1 4 _aMomificacion̤
_v Literatura juvenil.
_9756
651 4 _aEgipto
_x Civilizacion
_v Literatura juvenil.
_9758
651 4 _aEgipto
_x Historia
_v Literatura juvenil.
_9757
700 1 _aNoguera Arrieta, Luisa Margarita,
_eeditora.
_974
700 1 2 _aRodriguez Uribe, Edson David,
_etraductor.
_9143
942 _2ddc
_cBK
999 _c37289
_d37289